000 00789nam a2200253 a 4500
999 _c2233
_d2233
001 017850946
003 UkOxU
005 20230405083034.0
008 071210r20081997enka j 000 1 eng d
015 _aGBA7A1725
_2bnb
020 _a9780552557870 (pbk.) :
035 _a(Uk)014469545
040 _aStDuBDS
_beng
_cStDuBDS
_dKH8
082 0 4 _a823.914 WIL
_222
100 1 _aWilson, Jacqueline.
_eauthor
245 1 4 _aThe monster story-teller /
_cJacqueline Wilson ; illustrated by Nick Sharratt.
260 _aLondon :
_bCorgi Pups,
_c2008.
300 _a59 p. :
_bill. ;
_c20 cm.
500 _aOriginally published: London : Doubleday, 1997.
650 0 _aMonsters
_vJuvenile fiction.
655 0 _aChildren's stories.
700 1 _aSharratt, Nick.
_eillustrator
942 _2ddc
_cNFIC